000 00621nam a2200205 a 4500
001 19822
003 CO-ViMGA
008 141112s2004 ck r 000 u spa d
020 _a9682403758
040 _aCO-ViMGA
_bspa
_cCO-ViMGA
082 0 4 _a631.27 M351e
100 1 _aMellado Bosque, Miguel
_928728
245 1 0 _aConstrucción de Cercos :
_bpara ganado bovino
260 _aMexico :
_bTrillas,
_c1998
300 _a84 p.
590 _aForma de adquisición : Premio Mincultura
650 1 4 _aCERCAS PARA GANADO - DISEÑO Y CONSTRUCCION
_928729
650 1 4 _aCERCOS - DISEÑO Y CONSTRUCCION
_928730
942 _2ddc
_cBK
999 _c28952
_d28952